000 00727nam a2200217 a 4500
001 54245
003 BD-RjUL
005 20211209080107.0
008 161103s1973 nyuac b 011 0bengm
035 _a(BD-RjUL)54367
040 _aDLC
_cDLC
_dBD-RjUL
_beng
041 _aeng
082 _223
_a511.6
_bSUR 1973
245 0 2 _aA Survey of combinatorial theory /
_cEdited by Jagdish N. Srivastava with the cooperation of Frank Harary ... [et al.]
260 _aNew York :
_bAmerican Elsevier Pub. Co.,
_c1973.
300 _axviii, 457 p. :
_bill. ;
_c23 cm.
504 _aIncludes Bibliographical References and Index
650 0 _aCombinatorial analysis.
_9117582
700 1 _aSrivastava, Jagdish N.
_9161911
942 _2ddc
_cBK
999 _c54245
_d54245